[Event "Acropolis 2007"]
[Site "Athens"]
[Date "2007.08.15"]
[Round "2.30"]
[White "Goritsas, Christos"]
[Black "Sorokina, Anastasia"]
[Result "1-0"]
[WhiteElo "2327"]
[BlackElo "2208"]
[Annotator "Michailidis Anastasios"]
[PlyCount "189"]
[EventDate "2007.08.14"]
[Source "Greek Chess Fed"]

1. d4 d5 2. c4 dxc4 3. Nf3 e6 4. e3 a6 5. Bxc4 Nf6 6. O-O c5 7. Bb3 Nc6 8. Nc3
Be7 9. Qe2 cxd4 10. Rd1 d3 11. Rxd3 Qc7 12. h3 O-O 13. e4 h6 14. e5 Nd7 15. Re3
Rd8 16. Bc2 Nb4 17. Bb1 Nb6 18. Re4 N6d5 19. Rc4 Qd7 20. Qe4 f5 21. exf6 Nxf6
22. Qe2 Nfd5 23. Ne4 b5 24. Rd4 e5 25. Rd2 Qc7 26. Qd1 Be6 27. Ng3 Rac8 28. a3
Nc6 29. Qc2 Nf6 30. Ne4 Nd4 31. Nxf6+ Bxf6 32. Nxd4 exd4 33. Qh7+ Kf8 34. Bd3
Bd5 35. Rd1 Qb7 36. Bd2 Bg5 37. Bb4+ Be7 38. Qf5+ Bf7 39. Bd2 Rc5 40. Qh7 Bg8
41. Qh8 Kf7 42. Bb1 Rc4 43. Ba2 Kg6 44. Bb1+ Kf7 45. Bd3 Bf6 46. Re1 Rc5 47.
Re4 Rh5 48. Rf4 Qb6 49. Bb1 Ke7 50. Bb4+ Kd7 51. Be4 a5 52. Be1 Be5 53. Rf5 Bd5
54. Qxd8+ Kxd8 55. Rxh5 Bxe4 56. Rxe5 Bc2 57. Bd2 d3 58. Rae1 Qd6 59. Bxa5+ Kd7
60. Bb4 d2 61. Bxd6 dxe1=Q+ 62. Rxe1 Kxd6 63. Re3 Bf5 64. Kf1 g6 65. Ke1 h5 66.
h4 Kd5 67. Kd2 Kc4 68. Rf3 Bd7 69. Rc3+ Kd5 70. Rd3+ Ke6 71. Rxd7 Kxd7 72. Kc3
Kc6 73. Kb4 Kb6 74. b3 Kc6 75. Ka5 Kc5 76. b4+ Kc6 77. Ka6 Kc7 78. Kxb5 Kd6 79.
a4 Kc7 80. Kc5 Kb7 81. Kd5 Kc7 82. Ke5 Kb7 83. Kf6 Kc7 84. Kxg6 Kb7 85. Kxh5
Kc7 86. Kg5 Kb7 87. Kf6 Kc7 88. Ke6 Kb7 89. Kd7 Ka7 90. Kc7 Ka8 91. h5 Ka7 92.
h6 Ka8 93. h7 Ka7 94. h8=R Ka6 95. Ra8# 1-0

[Event "Acropolis 2007"]
[Site "Athens"]
[Date "2007.08.15"]
[Round "2.31"]
[White "Lauridsen, Jesper Morck"]
[Black "Karlovich, Anastazia"]
[Result "1/2-1/2"]
[WhiteElo "2302"]
[BlackElo "2207"]
[Annotator "Michailidis Anastasios"]
[PlyCount "31"]
[EventDate "2007.08.14"]
[Source "Greek Chess Fed"]

1. e4 e5 2. Nf3 Nc6 3. Bb5 a6 4. Bxc6 dxc6 5. O-O f6 6. d4 exd4 7. Nxd4 c5 8.
Nb3 Qxd1 9. Rxd1 Bg4 10. f3 Bd7 11. Bf4 O-O-O 12. Nc3 c4 13. Na5 Bc5+ 14. Kh1
b5 15. a4 Ne7 16. axb5 1/2-1/2

[Event "Acropolis 2007"]
[Site "Athens"]
[Date "2007.08.15"]
[Round "2.32"]
[White "Gogolis, Alexandros"]
[Black "Spirakopoulos, Ioannis"]
[Result "1-0"]
[WhiteElo "2289"]
[BlackElo "2204"]
[Annotator "Michailidis Anastasios"]
[PlyCount "71"]
[EventDate "2007.08.14"]
[Source "Greek Chess Fed"]

1. d4 Nf6 2. Bg5 Ne4 3. Bf4 c5 4. f3 Qa5+ 5. c3 Nf6 6. Nd2 cxd4 7. Nb3 Qb6 8.
Qxd4 Nc6 9. Qxb6 axb6 10. Nd4 e5 11. Nxc6 exf4 12. Nd4 Bc5 13. g3 Nd5 14. e4
fxe3 15. Bc4 Nc7 16. Ke2 O-O 17. Kxe3 d5 18. Bb3 Bf5 19. Nge2 Rfe8+ 20. Kd2 Bd7
21. Rhe1 g6 22. a3 Kg7 23. Nc2 Bc6 24. Ned4 Ne6 25. Kd3 Kf6 26. h4 Bd6 27. Rg1
Nc5+ 28. Kd2 Re7 29. Rae1 Nxb3+ 30. Nxb3 Rae8 31. Rxe7 Rxe7 32. Nbd4 h5 33. Ne3
Re5 34. b4 Kg7 35. f4 Re8 36. Ra1 1-0

[Event "Acropolis 2007"]
[Site "Athens"]
[Date "2007.08.15"]
[Round "2.34"]
[White "Skalkotas, Nikolaos"]
[Black "Zografos, Achileas"]
[Result "1-0"]
[WhiteElo "2275"]
[BlackElo "2201"]
[Annotator "Michailidis Anastasios"]
[PlyCount "123"]
[EventDate "2007.08.14"]
[Source "Greek Chess Fed"]

1. c4 c5 2. Nf3 g6 3. e4 Nc6 4. d4 cxd4 5. Nxd4 Nf6 6. Nc3 d6 7. Be2 Nxd4 8.
Qxd4 Bg7 9. Bg5 O-O 10. Qd2 Be6 11. Rc1 Qa5 12. f3 Rfc8 13. Nd5 Qxd2+ 14. Kxd2
Bxd5 15. cxd5 Kf8 16. Be3 a6 17. a4 e6 18. dxe6 fxe6 19. b4 Ke8 20. a5 Nd7 21.
f4 Nf6 22. Kd3 d5 23. e5 Ne4 24. Bf3 Bf8 25. Bxe4 dxe4+ 26. Kxe4 Bxb4 27. Bb6
Ba3 28. Ra1 Bb2 29. Ra2 Bc1 30. Rd1 Rc4+ 31. Rd4 Rac8 32. g4 Rc3 33. Re2 R8c4
34. f5 gxf5+ 35. gxf5 exf5+ 36. Kxf5 Rxd4 37. Bxd4 Rc4 38. Bb2 Bxb2 39. Rxb2
Rc7 40. Rb6 Kf7 41. Rh6 Kg7 42. Rh3 Kf8 43. Kf6 Rf7+ 44. Ke6 Ke8 45. Kd6 Rd7+
46. Kc5 Rc7+ 47. Kd5 Rd7+ 48. Ke4 Rc7 49. Rh6 Rc5 50. Rxh7 Rxa5 51. Rxb7 Ra2
52. Rh7 a5 53. Kf5 Rb2 54. Kf6 Rf2+ 55. Ke6 Kf8 56. h4 Rh2 57. Rf7+ Kg8 58. Rf4
Rb2 59. Kd7 Rb4 60. Rf1 Rxh4 61. Rg1+ Kh7 62. e6 1-0

[Event "Acropolis 2007"]
[Site "Athens"]
[Date "2007.08.15"]
[Round "2.36"]
[White "Makka, Ioulia"]
[Black "Stiri, Alexandra"]
[Result "1/2-1/2"]
[WhiteElo "2187"]
[BlackElo "2251"]
[Annotator "Michailidis Anastasios"]
[PlyCount "106"]
[EventDate "2007.08.14"]
[Source "Greek Chess Fed"]

1. e4 c5 2. Nf3 d6 3. d4 cxd4 4. Nxd4 Nf6 5. Nc3 a6 6. a4 e6 7. g3 Be7 8. Bg2
Qc7 9. O-O Nc6 10. Re1 O-O 11. Nb3 Ne5 12. h3 Nc4 13. Nd2 Nd7 14. Nxc4 Qxc4 15.
a5 Qc7 16. Be3 b5 17. axb6 Nxb6 18. Na4 Nxa4 19. Rxa4 Bb7 20. b3 Rac8 21. Rc4
Qb8 22. Rxc8 Rxc8 23. Bd4 Qc7 24. Re2 a5 25. Rd2 a4 26. bxa4 Ra8 27. Qa1 Qa5
28. c3 e5 29. Be3 Qxa4 30. Qxa4 Rxa4 31. f3 Ra3 32. Rb2 Bc6 33. Bd2 g6 34. Rb6
Ba4 35. Ra6 Ra1+ 36. Kh2 Kg7 37. c4 Ra2 38. Bb4 Bb3 39. Rxa2 Bxa2 40. Bf1 f5
41. Bd3 fxe4 42. fxe4 Kf6 43. Kg2 Ke6 44. Kf3 Bb3 45. Ke2 Kd7 46. Kd2 Bg5+ 47.
Kc3 Bd1 48. c5 dxc5 49. Bxc5 Be7 50. Bb5+ Ke6 51. Bc4+ Kf6 52. Be3 g5 53. Bf1
Bf3 1/2-1/2

[Event "Acropolis 2007"]
[Site "Athens"]
[Date "2007.08.15"]
[Round "2.37"]
[White "Petritaj, Fotjon"]
[Black "Makka, Evanthia"]
[Result "1-0"]
[WhiteElo "2250"]
[BlackElo "2107"]
[Annotator "Michailidis Anastasios"]
[PlyCount "65"]
[EventDate "2007.08.14"]
[Source "Greek Chess Fed"]

1. d4 Nf6 2. c4 e6 3. Nc3 Bb4 4. Qc2 b6 5. Bg5 Bb7 6. f3 d6 7. Qa4+ Nc6 8. d5
Bxc3+ 9. bxc3 Qd7 10. dxc6 Bxc6 11. Qb3 Ba4 12. Qb2 O-O 13. e3 Rab8 14. Nh3 h6
15. Bxf6 gxf6 16. Be2 b5 17. cxb5 Bxb5 18. O-O Ba4 19. Qd2 Rb6 20. Rab1 Rfb8
21. Rb4 c5 22. Rg4+ Kf8 23. e4 Rb2 24. Qxh6+ Ke7 25. Nf4 Rxa2 26. Bc4 Bb3 27.
Nh5 Qe8 28. Qxf6+ Kd7 29. Bxb3 Rxb3 30. c4 a5 31. Ra1 Rbb2 32. Qxb2 Rxb2 33.
Nf6+ 1-0

[Event "Acropolis 2007"]
[Site "Athens"]
[Date "2007.08.15"]
[Round "2.38"]
[White "Stefanidi, Maria Anna"]
[Black "Pountzas, Hrisanthos"]
[Result "0-1"]
[WhiteElo "2092"]
[BlackElo "2238"]
[Annotator "Michailidis Anastasios"]
[PlyCount "72"]
[EventDate "2007.08.14"]
[Source "Greek Chess Fed"]

1. g3 g6 2. Bg2 Bg7 3. e4 c5 4. Ne2 Nc6 5. O-O d6 6. c3 e5 7. d3 Nge7 8. Be3
Qb6 9. b4 a5 10. Qa4 O-O 11. b5 Nd8 12. Nd2 Qc7 13. d4 b6 14. f4 Bh6 15. Nc4
Bg4 16. Bf3 Bxf3 17. Rxf3 f6 18. Raf1 Nf7 19. fxe5 fxe5 20. Kg2 Bxe3 21. Nxe3
cxd4 22. cxd4 Ng5 23. Rxf8+ Rxf8 24. dxe5 dxe5 25. Rc1 Qd7 26. g4 Qd2 27. Qc4+
Kg7 28. Nf1 Qd7 29. h3 h5 30. Qc3 Rf2+ 31. Kh1 Rxe2 32. Qxe5+ Kh6 33. h4 Nf7
34. Qf4+ Kg7 35. Rc7 Nd5 36. exd5 Qxd5+ 0-1

[Event "Acropolis 2007"]
[Site "Athens"]
[Date "2007.08.15"]
[Round "2.40"]
[White "Georgieva, Emilia"]
[Black "Sioris, Georgios"]
[Result "1-0"]
[WhiteElo "2023"]
[BlackElo "2229"]
[Annotator "Michailidis Anastasios"]
[PlyCount "139"]
[EventDate "2007.08.14"]
[Source "Greek Chess Fed"]

1. d4 Nf6 2. Nf3 g6 3. c3 Bg7 4. Bg5 O-O 5. Nbd2 d6 6. e3 Nbd7 7. Qc2 c5 8.
O-O-O Rb8 9. h4 b5 10. h5 b4 11. hxg6 hxg6 12. c4 cxd4 13. exd4 Qa5 14. Kb1 e5
15. Bh6 Bxh6 16. Rxh6 Kg7 17. Rh4 exd4 18. Nb3 Qd8 19. Nbxd4 Nc5 20. Qd2 Rh8
21. Nc6 Bf5+ 22. Kc1 Qe8 23. Rxh8 Kxh8 24. Qxd6 Kg7 25. Qxc5 Rc8 26. Nfd4 Bd7
27. Qxb4 Bxc6 28. Nxc6 Qxc6 29. f3 Nh5 30. Qc3+ Kg8 31. b3 Nf4 32. Qd4 Ne6 33.
Qf6 Qc5 34. Qb2 a5 35. Kb1 Rb8 36. Bd3 a4 37. Rh1 Nd4 38. Bc2 Re8 39. Rd1 Ne2
40. Be4 Nf4 41. g3 Ne6 42. Rh1 Nd4 43. Qh2 Kf8 44. Qh6+ Ke7 45. Re1 Qb4 46. Qe3
Kf8 47. Rd1 Nf5 48. Qd2 Qxd2 49. Rxd2 axb3 50. axb3 Nxg3 51. Bd5 Nf5 52. Kb2
Rb8 53. Kc3 Ne3 54. Bc6 f5 55. b4 Kf7 56. b5 g5 57. c5 Rc8 58. Kd4 f4 59. Bd7
Rb8 60. b6 Ke7 61. Kc3 Nf1 62. Rd3 Nh2 63. Bh3 g4 64. Bxg4 Nxg4 65. fxg4 Ke6
66. Kc4 Ke5 67. Kb5 Ke4 68. Rd2 f3 69. c6 f2 70. c7 1-0

[Event "Acropolis 2007"]
[Site "Athens"]
[Date "2007.08.16"]
[Round "3.3"]
[White "Barsov, Alexei"]
[Black "Halkias, Stelios"]
[Result "1/2-1/2"]
[WhiteElo "2517"]
[BlackElo "2580"]
[Annotator "Michailidis Anastasios"]
[PlyCount "33"]
[EventDate "2007.08.14"]
[Source "Greek Chess Fed"]

1. d4 Nf6 2. Nf3 e6 3. c4 d5 4. g3 dxc4 5. Bg2 a6 6. O-O Nc6 7. e3 Bd7 8. Nc3
Nd5 9. Nd2 Nxc3 10. bxc3 b5 11. Qg4 Rb8 12. a4 g6 13. axb5 axb5 14. Qf4 Bd6 15.
Qh6 Bf8 16. Qf4 Bd6 17. Qh6 1/2-1/2

[Event "Acropolis 2007"]
[Site "Athens"]
[Date "2007.08.16"]
[Round "3.5"]
[White "Moutousis, Konstantinos"]
[Black "Romanishin, Oleg M"]
[Result "1/2-1/2"]
[WhiteElo "2428"]
[BlackElo "2546"]
[Annotator "Michailidis Anastasios"]
[PlyCount "38"]
[EventDate "2007.08.14"]
[Source "Greek Chess Fed"]

1. d4 d5 2. c4 dxc4 3. e3 g6 4. Bxc4 Bg7 5. Nf3 Nh6 6. O-O O-O 7. Nc3 Nf5 8. a3
a5 9. h3 Nd7 10. d5 Nd6 11. Ba2 Nc5 12. Nd4 a4 13. Qe2 Qe8 14. Rd1 e5 15. dxe6
Nxe6 16. Nf3 Bd7 17. Nd5 Nb5 18. Qc2 Bc6 19. Bd2 Bxd5 1/2-1/2

[Event "Acropolis 2007"]
[Site "Athens"]
[Date "2007.08.16"]
[Round "3.6"]
[White "Parligras, Mircea"]
[Black "Erdogdu, Mert"]
[Result "1-0"]
[WhiteElo "2542"]
[BlackElo "2423"]
[Annotator "Michailidis Anastasios"]
[PlyCount "83"]
[EventDate "2007.08.14"]
[Source "Greek Chess Fed"]

1. d4 Nf6 2. c4 g6 3. Nc3 Bg7 4. e4 d6 5. f4 O-O 6. Nf3 Na6 7. Bd3 e5 8. fxe5
dxe5 9. d5 Ne8 10. O-O f5 11. Bg5 Qd6 12. Be3 Nf6 13. Kh1 Nc5 14. Bxc5 Qxc5 15.
exf5 gxf5 16. Nxe5 Ne4 17. Bxe4 Bxe5 18. Bxf5 Bxf5 19. Rxf5 Rxf5 20. Qg4+ Bg7
21. Qxf5 Qxc4 22. Rf1 Kh8 23. Rf4 Re8 24. Re4 Qxe4 25. Nxe4 Rf8 26. Qxf8+ Bxf8
27. g4 Kg7 28. Kg2 Kf7 29. Kf3 c6 30. dxc6 bxc6 31. Kf4 Kg6 32. b3 Bg7 33. h4
h5 34. gxh5+ Kxh5 35. Ng3+ Kg6 36. h5+ Kf7 37. Kf5 Bb2 38. a4 Bg7 39. Ne4 Bh6
40. Ng5+ Ke7 41. Kg6 Bf8 42. Nh7 1-0

[Event "Acropolis 2007"]
[Site "Athens"]
[Date "2007.08.16"]
[Round "3.8"]
[White "Gelashvili, Tamaz"]
[Black "Morchiashvili, Bachana"]
[Result "1-0"]
[WhiteElo "2604"]
[BlackElo "2415"]
[Annotator "Michailidis Anastasios"]
[PlyCount "93"]
[EventDate "2007.08.14"]
[Source "Greek Chess Fed"]

1. Nf3 Nf6 2. c4 c5 3. e3 g6 4. b3 Bg7 5. Bb2 O-O 6. Be2 b6 7. d4 cxd4 8. Nxd4
Bb7 9. Bf3 Qc8 10. Nc3 Nc6 11. Nde2 Ne5 12. Bxb7 Qxb7 13. O-O Rfd8 14. Nf4 d6
15. Qe2 a6 16. Rfd1 Rab8 17. a4 Nfd7 18. Rab1 Nc5 19. Ba1 Rbc8 20. f3 e6 21. b4
Ncd7 22. c5 dxc5 23. Ne4 Qa7 24. Nd6 Rb8 25. b5 axb5 26. Nxb5 Qxa4 27. Bc3 Nf8
28. Rdc1 Qa8 29. Qb2 Nc4 30. Qe2 Bxc3 31. Nxc3 Nd6 32. Nd3 Nd7 33. Nf2 Qc6 34.
Qb2 Qc7 35. Ng4 h5 36. Nh6+ Kh7 37. Nb5 Nxb5 38. Nxf7 Nd6 39. Ng5+ Kg8 40. Nxe6
Ne8 41. Nxc7 Nxc7 42. Rd1 b5 43. Qc2 Kf7 44. Rd6 Ne6 45. Rbd1 Ke7 46. Qxg6 Ndf8
47. Qg3 1-0

[Event "Acropolis 2007"]
[Site "Athens"]
[Date "2007.08.16"]
[Round "3.9"]
[White "Kotronias, Vasilios"]
[Black "Managadze, Nikoloz"]
[Result "1-0"]
[WhiteElo "2602"]
[BlackElo "2433"]
[Annotator "Michailidis Anastasios"]
[PlyCount "87"]
[EventDate "2007.08.14"]
[Source "Greek Chess Fed"]

1. e4 e5 2. Nf3 d6 3. d4 exd4 4. Nxd4 g6 5. Nc3 Bg7 6. Be3 Nc6 7. Qd2 Nf6 8. f3
O-O 9. O-O-O Re8 10. g4 a6 11. Kb1 Nxd4 12. Bxd4 Be6 13. Qf2 Nd7 14. Bxg7 Kxg7
15. h4 h6 16. Rg1 g5 17. Ne2 Ne5 18. Ng3 Rh8 19. Nh5+ Kf8 20. Be2 Ke8 21. hxg5
hxg5 22. f4 gxf4 23. Qxf4 Qe7 24. b3 Ng6 25. Qe3 Ne5 26. Qc3 Rc8 27. g5 Qf8 28.
Rgf1 Rxh5 29. Bxh5 Qg7 30. Rg1 Kd7 31. g6 f6 32. Qb4 Rb8 33. Be2 b5 34. Rg3 Kc8
35. Rh1 Bg8 36. Bg4+ Kb7 37. Bf5 Rd8 38. Rgh3 Kb6 39. Qd2 Qe7 40. Rh7 Qe8 41.
Qe3+ c5 42. Qh6 d5 43. Qg7 Qc6 44. Rh8 1-0

[Event "Acropolis 2007"]
[Site "Athens"]
[Date "2007.08.16"]
[Round "3.10"]
[White "Chatalbashev, Boris"]
[Black "Papadopoulos, Ioannis"]
[Result "1-0"]
[WhiteElo "2573"]
[BlackElo "2395"]
[Annotator "Michailidis Anastasios"]
[PlyCount "105"]
[EventDate "2007.08.14"]
[Source "Greek Chess Fed"]

1. d4 Nf6 2. c4 e6 3. Nf3 b6 4. e3 Bb7 5. Bd3 Be7 6. Nc3 d5 7. cxd5 Nxd5 8. O-O
Nxc3 9. bxc3 c5 10. Bb5+ Bc6 11. a4 a6 12. Bd3 Nd7 13. Qe2 Bb7 14. e4 O-O 15.
Bf4 Re8 16. Rfd1 Qc8 17. Rab1 Bc6 18. Bc2 cxd4 19. cxd4 Qb7 20. Qd3 Nf6 21. Ng5
g6 22. Qh3 Nh5 23. g4 Bxg5 24. Bxg5 Ng7 25. Bf6 Rec8 26. d5 Bxd5 27. exd5 Rxc2
28. d6 Ne8 29. Be7 Qd7 30. Rxb6 Rac8 31. Qh6 Ng7 32. Bf6 Ne8 33. Be7 Ng7 34.
Rb4 f5 35. Bf6 Ne8 36. Be7 Ng7 37. Bf6 Ne8 38. Be5 R2c4 39. Rxc4 Rxc4 40. gxf5
Rg4+ 41. Bg3 gxf5 42. h3 Rg6 43. Qf4 Nf6 44. Rb1 Nd5 45. Rb8+ Kf7 46. Qe5 f4
47. Rh8 Qc6 48. Rxh7+ Kf8 49. d7 Rxg3+ 50. Kh2 Qb6 51. d8=Q+ Qxd8 52. fxg3
fxg3+ 53. Qxg3 1-0

[Event "Acropolis 2007"]
[Site "Athens"]
[Date "2007.08.16"]
[Round "3.11"]
[White "Melia, Salome"]
[Black "Banikas, Hristos"]
[Result "0-1"]
[WhiteElo "2372"]
[BlackElo "2567"]
[Annotator "Michailidis Anastasios"]
[PlyCount "140"]
[EventDate "2007.08.14"]
[Source "Greek Chess Fed"]

1. e4 e5 2. Nf3 Nc6 3. Bb5 a6 4. Ba4 Nf6 5. d3 b5 6. Bb3 Be7 7. O-O d6 8. c3
O-O 9. Nbd2 h6 10. Re1 Re8 11. Nf1 Bf8 12. a4 b4 13. Ne3 Rb8 14. a5 Nd7 15. Bd5
Ne7 16. Bc4 Nc5 17. Nh4 c6 18. Qf3 d5 19. exd5 cxd5 20. Nxd5 Nxd5 21. Bxd5 Be6
22. Bxe6 Rxe6 23. Nf5 bxc3 24. bxc3 Qxd3 25. Qxd3 Nxd3 26. Re2 Rc6 27. Bd2 Rb2
28. Ng3 Rc5 29. Kf1 Rcb5 30. Be1 g6 31. Rxb2 Rxb2 32. Rd1 Nxe1 33. Rxe1 Rb5 34.
Ra1 f5 35. Ne2 Bd6 36. c4 Rb4 37. Rc1 Bc5 38. Rc2 Rb1+ 39. Rc1 Rb2 40. f3 Ra2
41. g4 f4 42. Rb1 Ra3 43. Kg2 Be3 44. h4 Ra2 45. Kf1 e4 46. fxe4 f3 47. Ng1 Rg2
48. Nxf3 Rf2+ 49. Ke1 Rxf3 50. Ke2 Rh3 51. Rb8+ Kf7 52. Rb7+ Kf6 53. Rc7 Ke5
54. Rc6 g5 55. h5 Kxe4 56. Re6+ Kf4 57. Rxa6 Rh2+ 58. Kd3 Rd2+ 59. Kc3 Rd7 60.
c5 Bxc5 61. Rxh6 Kxg4 62. a6 Kh4 63. Kc4 Be3 64. Re6 Ba7 65. h6 Kh5 66. Kb5 Rh7
67. Rd6 g4 68. Rc6 g3 69. Rc3 g2 70. Rh3+ Kg4 0-1

[Event "Acropolis 2007"]
[Site "Athens"]
[Date "2007.08.16"]
[Round "3.13"]
[White "Mastrovasilis, Athanasios"]
[Black "Filippas, Sebastian"]
[Result "0-1"]
[WhiteElo "2538"]
[BlackElo "2145"]
[Annotator "Michailidis Anastasios"]
[PlyCount "156"]
[EventDate "2007.08.14"]
[Source "Greek Chess Fed"]

1. Nf3 Nf6 2. c4 g6 3. b3 Bg7 4. Bb2 O-O 5. g3 c6 6. Bg2 d5 7. O-O Bf5 8. d3
Qd7 9. Re1 Bh3 10. Bh1 Qf5 11. Nbd2 Nbd7 12. Rc1 Rac8 13. b4 Bh6 14. Qc2 dxc4
15. Qxc4 Nb6 16. Qh4 Kg7 17. Ne4 Bxc1 18. Rxc1 Qh5 19. Bxf6+ exf6 20. Qxf6+ Kg8
21. Qd4 Nd5 22. Qxa7 Qh6 23. Rb1 f5 24. Neg5 Nc3 25. Re1 Bg4 26. h4 Rce8 27. e3
Qg7 28. Qc5 h6 29. Nh3 Bxh3 30. Qc4+ Kh8 31. d4 Ne4 32. Ne5 Rxe5 33. dxe5 Qxe5
34. Bg2 Bxg2 35. Kxg2 Qd5 36. Qxd5 cxd5 37. a4 Kg7 38. Rc1 Kf6 39. a5 Nd6 40.
Rc7 Rf7 41. Rc5 Ke6 42. b5 Nc4 43. a6 bxa6 44. Rc6+ Nd6 45. bxa6 Ra7 46. f3 Kd7
47. Rc5 Rxa6 48. Rxd5 Ra2+ 49. Kf1 Ke6 50. Rc5 Rd2 51. Rc7 g5 52. hxg5 hxg5 53.
Rc5 Nf7 54. Rc6+ Ke7 55. Rc7+ Kf6 56. Rc6+ Kg7 57. Rc5 Kg6 58. Rc6+ Rd6 59. Rc8
Ne5 60. Ke2 Rc6 61. Rg8+ Kh6 62. f4 gxf4 63. gxf4 Nf7 64. Kd3 Rd6+ 65. Kc4 Kh7
66. Rg1 Re6 67. Kd4 Re4+ 68. Kd3 Nd6 69. Rg5 Ra4 70. Rg1 Ne4 71. Rg2 Kh6 72.
Rg8 Kh5 73. Rg2 Kh4 74. Rg8 Kh3 75. Rg6 Nf2+ 76. Kc3 Ne4+ 77. Kd3 Ng3 78. Rg8
Kg2 0-1

[Event "Acropolis 2007"]
[Site "Athens"]
[Date "2007.08.16"]
[Round "3.14"]
[White "Macieja, Bartlomiej"]
[Black "Chigladze, Iveri"]
[Result "1-0"]
[WhiteElo "2596"]
[BlackElo "2341"]
[Annotator "Michailidis Anastasios"]
[PlyCount "123"]
[EventDate "2007.08.14"]
[Source "Greek Chess Fed"]

1. e4 Nf6 2. e5 Nd5 3. d4 d6 4. Nf3 Nc6 5. Bb5 a6 6. Bxc6+ bxc6 7. h3 g6 8. O-O
Bg7 9. c4 Nb6 10. b3 a5 11. a4 dxe5 12. dxe5 Qxd1 13. Rxd1 Nd7 14. Bf4 Nc5 15.
Nd4 Ne6 16. Nxe6 Bxe6 17. Nd2 Rb8 18. Nf3 O-O 19. Nd4 c5 20. Nxe6 fxe6 21. Bh2
Rxb3 22. Rd7 Rfb8 23. Re1 Kf7 24. Rxc7 R8b4 25. Rxc5 Rxa4 26. Bf4 Rc3 27. Re4
Ra1+ 28. Kh2 a4 29. Be3 Rd3 30. Rc8 g5 31. Bxg5 a3 32. Ra8 Rc3 33. Ra7 Kg6 34.
Bf4 Rc2 35. Be3 a2 36. Rg4+ Kf7 37. Rf4+ Ke8 38. Ra8+ Kd7 39. Rd4+ Kc6 40. Ra6+
Kc7 41. Ra7+ Kc8 42. Rg4 Bxe5+ 43. g3 Bc7 44. Rg8+ Kd7 45. Rga8 e5 46. c5 h5
47. Kg2 e4 48. Bf4 Rxc5 49. Bxc7 Rxc7 50. Rxa2 Rd1 51. Re2 Rc4 52. Ra5 h4 53.
g4 Rcc1 54. Rxe4 Rg1+ 55. Kf3 Rc3+ 56. Kf4 Rf1 57. Re2 Kd6 58. Ra6+ Kd5 59.
Re5+ Kc4 60. Rc6+ Kb4 61. Rxc3 Kxc3 62. Kf3 1-0

[Event "Acropolis 2007"]
[Site "Athens"]
[Date "2007.08.16"]
[Round "3.17"]
[White "Haznedaroglu, Kivanc"]
[Black "Gogolis, Alexandros"]
[Result "1-0"]
[WhiteElo "2440"]
[BlackElo "2289"]
[Annotator "Michailidis Anastasios"]
[PlyCount "83"]
[EventDate "2007.08.14"]
[Source "Greek Chess Fed"]

1. e4 d5 2. exd5 Qxd5 3. Nc3 Qa5 4. d4 c6 5. Nf3 Nf6 6. Bc4 Bf5 7. Bd2 e6 8.
Nd5 Qd8 9. Nxf6+ gxf6 10. c3 Nd7 11. Qe2 Bd6 12. Nh4 Bg6 13. O-O-O Nb6 14. Bb3
Qc7 15. g3 O-O-O 16. Nxg6 hxg6 17. h4 f5 18. Kb1 Rhe8 19. h5 gxh5 20. Rxh5 Rh8
21. Rdh1 Rxh5 22. Rxh5 Nd5 23. Rh7 Qd7 24. Bg5 Rg8 25. Qh5 Qe8 26. c4 Nc7 27.
c5 Be7 28. Bxe7 Qxe7 29. Rxf7 Qd8 30. Qh7 Re8 31. a4 a5 32. Qg7 Kb8 33. Rd7 Qc8
34. Qf7 Rh8 35. Bxe6 Rh1+ 36. Ka2 Rf1 37. Qxf5 Ka7 38. d5 Na6 39. d6 Qh8 40.
Bc4 Qd4 41. Rxb7+ Kxb7 42. Qd7+ 1-0

[Event "Acropolis 2007"]
[Site "Athens"]
[Date "2007.08.16"]
[Round "3.19"]
[White "Georgiadis, Ioannis"]
[Black "Skalkotas, Nikolaos"]
[Result "0-1"]
[WhiteElo "2413"]
[BlackElo "2275"]
[Annotator "Michailidis Anastasios"]
[PlyCount "82"]
[EventDate "2007.08.14"]
[Source "Greek Chess Fed"]

1. e4 c6 2. d4 d5 3. Nc3 dxe4 4. Nxe4 Bf5 5. Ng3 Bg6 6. h4 h6 7. Nf3 Nd7 8. h5
Bh7 9. Bd3 Bxd3 10. Qxd3 Qc7 11. Bd2 Ngf6 12. O-O-O e6 13. Ne4 O-O-O 14. g3
Nxe4 15. Qxe4 Bd6 16. c4 c5 17. d5 exd5 18. cxd5 Kb8 19. Rhe1 Nf6 20. Qf5 Qc8
21. Nh4 Rhe8 22. Bc3 Rxe1 23. Rxe1 Re8 24. Kd1 Rxe1+ 25. Kxe1 Qe8+ 26. Kf1 Ne4
27. Kg2 Nxc3 28. bxc3 b5 29. Qf3 Kc7 30. Nf5 Qe5 31. Ne3 Qe7 32. Qg4 Qf6 33. c4
a6 34. Qe2 b4 35. Qc2 Be5 36. Ng4 Qg5 37. f4 Bxf4 38. Qe4 Qxg4 39. Qe7+ Kb6 40.
Qd8+ Bc7 41. Qe8 Qxg3+ 0-1

[Event "Acropolis 2007"]
[Site "Athens"]
[Date "2007.08.16"]
[Round "3.20"]
[White "Pountzas, Hrisanthos"]
[Black "Kapnisis, Spyridon"]
[Result "0-1"]
[WhiteElo "2238"]
[BlackElo "2412"]
[Annotator "Michailidis Anastasios"]
[PlyCount "60"]
[EventDate "2007.08.14"]
[Source "Greek Chess Fed"]

1. c4 e5 2. Nc3 Bb4 3. Qc2 Nf6 4. e3 O-O 5. Nf3 Re8 6. a3 Bxc3 7. Qxc3 Nc6 8.
d3 d5 9. cxd5 Qxd5 10. Be2 Bg4 11. h3 Bxf3 12. Bxf3 e4 13. Bxe4 Nxe4 14. dxe4
Rxe4 15. b3 Nd4 16. Rb1 Rae8 17. Qd3 Nf3+ 18. Ke2 Rd4 19. Qc3 Nh4 20. Rg1 Nf5
21. Bb2 Qb5+ 22. Kf3 Qd5+ 23. Ke2 Qb5+ 24. Kf3 Nh4+ 25. Kg3 Qe5+ 26. f4 Qxe3+
27. Qxe3 Rxe3+ 28. Kxh4 Rxf4+ 29. Kg5 Rfe4 30. g4 h6+ 0-1

[Event "Acropolis 2007"]
[Site "Athens"]
[Date "2007.08.16"]
[Round "3.22"]
[White "Kanakaris, Georgios"]
[Black "Dzagnidze, Nana"]
[Result "0-1"]
[WhiteElo "2216"]
[BlackElo "2404"]
[Annotator "Michailidis Anastasios"]
[PlyCount "80"]
[EventDate "2007.08.14"]
[Source "Greek Chess Fed"]

1. d4 Nf6 2. c4 e6 3. Nf3 b6 4. g3 Ba6 5. b3 d5 6. Bg2 Be7 7. O-O O-O 8. Nbd2
c5 9. Bb2 Nc6 10. cxd5 exd5 11. Rc1 Re8 12. Re1 Ne4 13. Ne5 Nxd4 14. Bxd4 cxd4
15. Nxe4 Ba3 16. Nc6 Qd7 17. Rc2 dxe4 18. Qxd4 Qxd4 19. Nxd4 Bc5 20. Nf5 Rac8
21. Kf1 g6 22. Ne3 Bxe3 23. Rxc8 Rxc8 24. fxe3 f5 25. g4 Kf7 26. gxf5 gxf5 27.
Rd1 Rc2 28. Rd7+ Kg6 29. Rxa7 Bxe2+ 30. Kg1 Bd3 31. Rb7 b5 32. a4 bxa4 33. bxa4
Re2 34. a5 Rxe3 35. a6 Re1+ 36. Kf2 Ra1 37. a7 f4 38. Bf3 Ra2+ 39. Kg1 exf3 40.
Rb6+ Kf5 0-1

[Event "Acropolis 2007"]
[Site "Athens"]
[Date "2007.08.16"]
[Round "3.23"]
[White "Krivoborodov, Egor"]
[Black "Draci, Robert"]
[Result "1-0"]
[WhiteElo "2403"]
[BlackElo "2228"]
[Annotator "Michailidis Anastasios"]
[PlyCount "64"]
[EventDate "2007.08.14"]
[Source "Greek Chess Fed"]

1. e4 c5 2. Nf3 d6 3. d4 cxd4 4. Nxd4 Nf6 5. Nc3 a6 6. Bg5 e6 7. f4 Qb6 8. Qd2
Qxb2 9. Nb3 Qa3 10. Bd3 Nc6 11. O-O Qb4 12. Rae1 Qb6+ 13. Kh1 Qc7 14. e5 dxe5
15. fxe5 Ng8 16. Ne4 Nxe5 17. Bf4 f6 18. Bxe5 fxe5 19. Qg5 b6 20. Rxf8+ Kxf8
21. Rf1+ Ke8 22. Nd6+ Qxd6 23. Qxg7 Ne7 24. Qxh8+ Kd7 25. Rf8 Kc7 26. Nd2 b5
27. Ne4 Qa3 28. Qxe5+ Kb6 29. Qd4+ Ka5 30. Qd8+ Ka4 31. Rf4 Qc1+ 32. Rf1 Qa3
1-0

[Event "Acropolis 2007"]
[Site "Athens"]
[Date "2007.08.16"]
[Round "3.24"]
[White "Erturan, Yakup"]
[Black "Exizoglou, Dimitrios"]
[Result "1-0"]
[WhiteElo "2389"]
[BlackElo "2224"]
[Annotator "Michailidis Anastasios"]
[PlyCount "53"]
[EventDate "2007.08.14"]
[Source "Greek Chess Fed"]

1. e4 d5 2. exd5 Qxd5 3. Nc3 Qa5 4. d4 Nf6 5. Bc4 c6 6. Nge2 Bf5 7. Bd2 e6 8.
Ng3 Bg6 9. h4 h5 10. Nd5 Qd8 11. Nf4 Bh7 12. Qe2 Nd5 13. O-O-O Qd6 14. Ngxh5
Nd7 15. Nxd5 cxd5 16. Bb3 Qc6 17. Rh3 Nb6 18. Rc3 Qd7 19. Bf4 Rc8 20. Rxc8+
Nxc8 21. Be5 b5 22. Nxg7+ Bxg7 23. Bxg7 Rg8 24. Be5 a5 25. c3 Rxg2 26. Bg3 Nd6
27. Bxd5 1-0